000 00914nmm a2200277 a 4500
001 ocm000608233
003 TR-IsHL
005 20201028130117.0
008 130927s2005 tu tur
007 cr cn
020 _a9789758269976
035 _a608233
_b(N$T)
050 0 4 _aQA21
_b.D66 2005
090 0 4 _aQA21
_b.D66 2005
100 1 _aDönmez, Ali
245 1 0 _aMatematiğin öyküsü ve serüveni 7: Fransız matematikçiler
_h[electronic resource] /
_cAli Dönmez
250 _a1. bs.
260 _aİstanbul :
_bToplumsal Dönüşüm Yayınları,
_c2005
300 _a510 p.
650 4 _aMatematik ve İstatistik
650 4 _aMathematics and Statistics
650 0 _aMatematik
_x Tarih
650 0 _aMathematics
_x History
650 7 _aMATHEMATICS / History & Philosophy
_2bisacsh
856 4 0 _uhttp://search.ebscohost.com/login.aspx?direct=true&scope=site&db=e011xww&AN=608233
999 _c3847
_d3847